Manual curativo con frutas y plantas medicinales : (Registro nro. 11481)

Detalles MARC
000 -LIDER
fixed length control field 01231nam a22003497a 4500
001 - NÚMERO DE CONTROL
Identificador de número de control 1458
003 - IDENTIFICACDOR DE NÚMERO DE CONTROL
control field DO-SdBNP
005 - DATE AND TIME OF LATEST TRANSACTION
control field 20171109122941.0
007 - CAMPOS FIJOS DE DESCRIPCIÓN FÍSICA
fixed length control field 1458
008 - ELEMENTOS DE LONGITUD FIJA
fixed length control field 160921b 2007 ck |||| |||| 00| 0 spa d
020 ## - ISBN
International Standard Book Number 9788203155
040 ## - FUENTE DE CATALOGACIÓN
Agencia que crea de manera original el registro BPMSU
Idioma de catalogación spa
Agencia que realiza la transcripción BPMSU
082 #4 - NÚMERO DE CLASIFICACIÓN DECIMAL DE DEWEY
Classification number 581.634
Item number M294c
100 ## - ASIENTO PRINCIPAL -- NOMBRE PERSONAL
Nombre personal
245 ## - MENCIÓN DE TITULO
Título Manual curativo con frutas y plantas medicinales :
Subtítulo verduras y bebidas que curan /
Mención de responsabilidad editor Felipe Durán Ramírez ; colaboradores Esleider Moncada Durango ... [et al.] ; fotografía Felipe Durán Ramírez, Jaime Durán Naranjo, Luis Felipe Durán Naranjo.
250 ## - MENCIÓN DE EDICION
Mención de edición 2.ed.
260 ## - PUBLICACIÓN, DISTRIBUCIÓN, ETC. (PIE DE IMPRENTA)
Lugar de publicación, distribución, etc Bogotá :
Nombre del editor, distribuidor, etc. Grupo Latino Editores,
Fecha de publicación, distribución, etc 2007.
300 ## - DESCRIPCIÓN FÍSICA
Extensión 686 p. :
Otros detalles físicos il. ;
Dimensiones 28 cm.
440 ## - MENCIÓN DE SERIE/ENTRADA SECUNDARIA--TÍTULO
Nombre de la parte o sección de una obra
504 ## - NOTA DE BIBLIOGRAFÍA, ETC.
Bibliography, etc Incluye bibliografía.
650 #4 - ENCABEZAMIENTO DE MATERIA--TEMÁTICO
Término temático o nombre geográfico como elemento de entrada PLANTAS MEDICINALES
650 #4 - ENCABEZAMIENTO DE MATERIA--TEMÁTICO
Término temático o nombre geográfico como elemento de entrada FRUTOTERAPIA
Subdivisión temática general MANUALES
650 #4 - ENCABEZAMIENTO DE MATERIA--TEMÁTICO
Término temático o nombre geográfico como elemento de entrada NUTRICIÓN
700 12 - ASIENTO SECUNDARIO -- NOMBRE PERSONAL
Nombre personal Durán Ramírez, Felipe
Mención de responsabilidad ed.
700 12 - ASIENTO SECUNDARIO -- NOMBRE PERSONAL
Nombre personal Moncada Durango, Esleider.
Mención de responsabilidad colab.
700 12 - ASIENTO SECUNDARIO -- NOMBRE PERSONAL
Nombre personal Durán Naranjo, Luis Felipe,
Mención de responsabilidad fot.
700 12 - ASIENTO SECUNDARIO -- NOMBRE PERSONAL
Nombre personal Durán Naranjo, Jaime
Mención de responsabilidad fot.
910 ## - VALIDACIÓN
Validación Validado. Control de calidad MFF
942 ## - ADDED ENTRY ELEMENTS (KOHA)
Source of classification or shelving scheme Dewey Decimal Classification
Koha item type Libros
945 ## - INFORMACIÓN DE PROCESAMIENTO LOCAL
Información de procesamiento local Inventariado extranjero / 2017 VM
956 ## - LOCAL ELECTRONIC LOCATION AND ACCESS (OCLC)
Nombre de host VMATEO
Número de acceso 10
Información de compresión 20160921
Trayectoria BPMSU
Nombre Electrónico 0069
Existencias
Withdrawn status Lost status Source of classification or shelving scheme Damaged status Not for loan Collection code Home library Current library Date acquired Source of acquisition Total Checkouts Full call number Barcode Date last seen Copy number Price effective from Koha item type
    Dewey Decimal Classification     Colección General Biblioteca Pública Metropolitana Salomé Ureña Biblioteca Pública Metropolitana Salomé Ureña 09/21/2016 Compra   581.634 M294c BPMSU16090494 09/21/2016 09/21/2016 Libros
    Dewey Decimal Classification     Colección General Biblioteca Pública Metropolitana Salomé Ureña Biblioteca Pública Metropolitana Salomé Ureña 10/19/2016 Compra   581.634 M294c BPMSU16100247 10/19/2016 e.2 10/19/2016 Libros